[Event "Team Championship (women blitz)"]
[Site "Sochi"]
[Date "2017.10.05"]
[Round "10.3"]
[White "Tomilova, Elena"]
[Black "Belenkaya, Dina"]
[Result "0-1"]
[LiveChessVersion "1.4.8"]
[BlackElo "2204"]
[WhiteElo "2279"]

1. d4 {[%clk 0:03:03]} d5 {[%clk 0:03:04]} 2. Bf4 {[%clk 0:03:04]} Nf6
{[%clk 0:03:04]} 3. e3 {[%clk 0:03:04]} c5 {[%clk 0:03:06]} 4. c3
{[%clk 0:03:04]} Nc6 {[%clk 0:03:07]} 5. Nd2 {[%clk 0:03:05]} Bf5
{[%clk 0:02:45]} 6. Qb3 {[%clk 0:02:58]} Qd7 {[%clk 0:02:31]} 7. Ngf3
{[%clk 0:02:46]} c4 {[%clk 0:02:32]} 8. Qd1 {[%clk 0:02:33]} h6 {[%clk 0:02:21]}
9. b3 {[%clk 0:02:28]} b5 {[%clk 0:02:18]} 10. Be2 {[%clk 0:02:19]} e6
{[%clk 0:02:19]} 11. O-O {[%clk 0:02:14]} Be7 {[%clk 0:02:11]} 12. Ne5
{[%clk 0:01:45]} Nxe5 {[%clk 0:02:11]} 13. dxe5 {[%clk 0:01:44]} Ne4
{[%clk 0:02:05]} 14. Nxe4 {[%clk 0:01:38]} Bxe4 {[%clk 0:02:06]} 15. a4
{[%clk 0:01:34]} bxa4 {[%clk 0:01:53]} 16. Rxa4 {[%clk 0:01:23]} cxb3
{[%clk 0:01:46]} 17. Qxb3 {[%clk 0:01:24]} O-O {[%clk 0:01:44]} 18. Rfa1
{[%clk 0:01:12]} Rfb8 {[%clk 0:01:43]} 19. Qa2 {[%clk 0:01:10]} Bc5
{[%clk 0:01:41]} 20. c4 {[%clk 0:00:57]} Rb4 {[%clk 0:01:18]} 21. Rxb4
{[%clk 0:00:53]} Bxb4 {[%clk 0:01:19]} 22. cxd5 {[%clk 0:00:48]} Bxd5
{[%clk 0:01:19]} 23. Qa6 {[%clk 0:00:43]} Bb7 {[%clk 0:01:13]} 24. Qc4
{[%clk 0:00:39]} a5 {[%clk 0:01:13]} 25. e4 {[%clk 0:00:30]} Rc8 {[%clk 0:01:05]}
26. Qb3 {[%clk 0:00:27]} Qd4 {[%clk 0:01:03]} 27. Rd1 {[%clk 0:00:25]} Qxe4
{[%clk 0:00:48]} 28. Bf3 {[%clk 0:00:21]} Qxf4 {[%clk 0:00:47]} 29. Bxb7
{[%clk 0:00:21]} Rb8 {[%clk 0:00:42]} 30. Bc6 {[%clk 0:00:15]} Qxe5
{[%clk 0:00:43]} 31. h3 {[%clk 0:00:12]} Rc8 {[%clk 0:00:40]} 32. Ba4
{[%clk 0:00:11]} Rc3 {[%clk 0:00:35]} 33. Qb1 {[%clk 0:00:11]} Qf5
{[%clk 0:00:33]} 34. Qb2 {[%clk 0:00:09]} g6 {[%clk 0:00:28]} 35. Qe2
{[%clk 0:00:07]} Kg7 {[%clk 0:00:26]} 36. Qb2 {[%clk 0:00:07]} Qf6
{[%clk 0:00:26]} 37. Bb5 {[%clk 0:00:05]} Rc5 {[%clk 0:00:24]} 38. Qe2
{[%clk 0:00:06]} Qe5 {[%clk 0:00:24]} 39. Qd3 {[%clk 0:00:06]} Rxb5
{[%clk 0:00:25]} 0-1

[Event "Team Championship (women blitz)"]
[Site "Sochi"]
[Date "2017.10.05"]
[Round "10.4"]
[White "Styazhkina, Anna"]
[Black "Travkina, Anastasia"]
[Result "1/2-1/2"]
[LiveChessVersion "1.4.8"]
[BlackElo "2099"]
[WhiteElo "2198"]

1. e4 {[%clk 0:03:03]} c5 {[%clk 0:03:00]} 2. Nf3 {[%clk 0:03:03]} d6
{[%clk 0:03:01]} 3. d4 {[%clk 0:03:04]} cxd4 {[%clk 0:03:01]} 4. Qxd4
{[%clk 0:03:04]} Nc6 {[%clk 0:03:01]} 5. Bb5 {[%clk 0:03:05]} Bd7
{[%clk 0:03:02]} 6. Qd3 {[%clk 0:03:06]} h6 {[%clk 0:03:00]} 7. c4
{[%clk 0:03:04]} e5 {[%clk 0:02:57]} 8. Nc3 {[%clk 0:03:02]} Nf6 {[%clk 0:02:57]}
9. O-O {[%clk 0:02:56]} Be7 {[%clk 0:02:58]} 10. h3 {[%clk 0:02:51]} a6
{[%clk 0:02:57]} 11. Bxc6 {[%clk 0:02:51]} bxc6 {[%clk 0:02:55]} 12. Be3
{[%clk 0:02:48]} O-O {[%clk 0:02:52]} 13. c5 {[%clk 0:02:27]} Be6
{[%clk 0:02:39]} 14. Rfd1 {[%clk 0:02:16]} dxc5 {[%clk 0:02:01]} 15. Qxd8
{[%clk 0:01:40]} Rfxd8 {[%clk 0:01:59]} 16. Nxe5 {[%clk 0:01:41]} Rdc8
{[%clk 0:01:50]} 17. f3 {[%clk 0:01:26]} Rab8 {[%clk 0:01:34]} 18. b3
{[%clk 0:01:22]} Ne8 {[%clk 0:01:26]} 19. Rac1 {[%clk 0:01:16]} Bf6
{[%clk 0:00:58]} 20. Nd7 {[%clk 0:01:07]} Rb7 {[%clk 0:00:47]} 21. Nxc5
{[%clk 0:00:46]} Rbb8 {[%clk 0:00:33]} 22. Nxa6 {[%clk 0:00:41]} Ra8
{[%clk 0:00:33]} 23. Nb4 {[%clk 0:00:41]} Be7 {[%clk 0:00:32]} 24. Nd3
{[%clk 0:00:38]} Ba3 {[%clk 0:00:28]} 25. Rc2 {[%clk 0:00:38]} c5
{[%clk 0:00:27]} 26. Nb5 {[%clk 0:00:27]} c4 {[%clk 0:00:26]} 27. bxc4
{[%clk 0:00:24]} Rxc4 {[%clk 0:00:21]} 28. Nxa3 {[%clk 0:00:22]} Rxa3
{[%clk 0:00:22]} 29. Rxc4 {[%clk 0:00:19]} Bxc4 {[%clk 0:00:23]} 30. Ne5
{[%clk 0:00:20]} Bb5 {[%clk 0:00:17]} 31. Rb1 {[%clk 0:00:08]} Ba4
{[%clk 0:00:15]} 32. Bc5 {[%clk 0:00:07]} Rxa2 {[%clk 0:00:15]} 33. Rb8
{[%clk 0:00:07]} f6 {[%clk 0:00:14]} 34. Ng6 {[%clk 0:00:05]} Kf7
{[%clk 0:00:11]} 35. Nf4 {[%clk 0:00:06]} Ra1+ {[%clk 0:00:07]} 36. Kh2
{[%clk 0:00:07]} Ra2 {[%clk 0:00:07]} 37. Rb7+ {[%clk 0:00:07]} Kg8
{[%clk 0:00:06]} 38. Ra7 {[%clk 0:00:07]} Bb3 {[%clk 0:00:06]} 39. Re7
{[%clk 0:00:07]} Ra8 {[%clk 0:00:05]} 40. Nd5 {[%clk 0:00:07]} Bxd5
{[%clk 0:00:05]} 41. exd5 {[%clk 0:00:08]} Rd8 {[%clk 0:00:06]} 42. Bb6
{[%clk 0:00:07]} Rc8 {[%clk 0:00:06]} 43. Bd4 {[%clk 0:00:04]} Nd6
{[%clk 0:00:07]} 44. Rd7 {[%clk 0:00:04]} Nf5 {[%clk 0:00:08]} 45. Bf2
{[%clk 0:00:04]} Rc2 {[%clk 0:00:09]} 46. Kg1 {[%clk 0:00:04]} Rc1+
{[%clk 0:00:10]} 47. Kh2 {[%clk 0:00:06]} Rc2 {[%clk 0:00:12]} 48. Bb6
{[%clk 0:00:06]} Nh4 {[%clk 0:00:13]} 49. Kg3 {[%clk 0:00:07]} g5
{[%clk 0:00:13]} 50. Kg4 {[%clk 0:00:07]} Rxg2+ {[%clk 0:00:13]} 51. Kh5
{[%clk 0:00:08]} Rg3 {[%clk 0:00:09]} 52. Kxh6 {[%clk 0:00:06]} Rxh3 53. Rd8+
{[%clk 0:00:06]} Kf7 {[%clk 0:00:09]} 54. Rd7+ {[%clk 0:00:07]} Ke8
{[%clk 0:00:11]} 55. Rd8+ {[%clk 0:00:07]} Ke7 {[%clk 0:00:11]} 1/2-1/2

[Event "Team Championship (women blitz)"]
[Site "Sochi"]
[Date "2017.10.05"]
[Round "10.5"]
[White "Garifullina, Leya"]
[Black "Vasilevich, Tatjana"]
[Result "1-0"]
[LiveChessVersion "1.4.8"]
[BlackElo "2229"]
[WhiteElo "1872"]

1. e4 {[%clk 0:03:01]} c5 {[%clk 0:03:03]} 2. Nf3 {[%clk 0:03:02]} a6
{[%clk 0:03:05]} 3. c3 {[%clk 0:03:02]} d5 {[%clk 0:03:03]} 4. exd5
{[%clk 0:03:02]} Qxd5 {[%clk 0:03:05]} 5. d4 {[%clk 0:03:03]} e6 {[%clk 0:03:04]}
6. Be3 {[%clk 0:02:59]} cxd4 {[%clk 0:03:05]} 7. cxd4 {[%clk 0:03:00]} Nf6
{[%clk 0:03:04]} 8. Nc3 {[%clk 0:03:00]} Qd6 {[%clk 0:03:04]} 9. Bd3
{[%clk 0:02:56]} Be7 {[%clk 0:03:03]} 10. O-O {[%clk 0:02:56]} O-O
{[%clk 0:03:03]} 11. Qc2 {[%clk 0:02:17]} Nbd7 {[%clk 0:02:56]} 12. Rad1
{[%clk 0:01:58]} b5 {[%clk 0:02:26]} 13. Ne4 {[%clk 0:01:58]} Qb8
{[%clk 0:02:27]} 14. Nc5 {[%clk 0:01:27]} Nxc5 {[%clk 0:02:23]} 15. dxc5
{[%clk 0:01:28]} Bb7 {[%clk 0:02:25]} 16. c6 {[%clk 0:01:24]} Rc8
{[%clk 0:01:37]} 17. cxb7 {[%clk 0:01:24]} Rxc2 {[%clk 0:01:38]} 18. bxa8=Q
{[%clk 0:01:20]} Qxa8 {[%clk 0:01:36]} 19. Bxc2 {[%clk 0:01:20]} Nd5
{[%clk 0:01:34]} 20. Be4 {[%clk 0:01:20]} Bf6 {[%clk 0:01:20]} 21. Bxd5
{[%clk 0:01:14]} exd5 {[%clk 0:01:21]} 22. Bd4 {[%clk 0:01:15]} Be7
{[%clk 0:01:12]} 23. Rfe1 {[%clk 0:01:13]} Bb4 {[%clk 0:01:05]} 24. Re3
{[%clk 0:01:10]} h6 {[%clk 0:01:01]} 25. a3 {[%clk 0:01:07]} Bd6 {[%clk 0:00:56]}
26. Red3 {[%clk 0:01:04]} Qc6 {[%clk 0:00:42]} 27. Rc3 {[%clk 0:00:54]} Qd7
{[%clk 0:00:39]} 28. Be3 {[%clk 0:00:27]} b4 {[%clk 0:00:24]} 29. axb4
{[%clk 0:00:23]} Bxb4 {[%clk 0:00:25]} 30. Rcd3 {[%clk 0:00:24]} Qf5
{[%clk 0:00:17]} 31. h3 {[%clk 0:00:13]} a5 {[%clk 0:00:18]} 32. Nd4
{[%clk 0:00:13]} Qe4 {[%clk 0:00:17]} 33. Nc6 {[%clk 0:00:10]} Bf8
{[%clk 0:00:10]} 34. Nxa5 {[%clk 0:00:11]} Qb4 {[%clk 0:00:09]} 35. Rxd5
{[%clk 0:00:11]} Qxb2 {[%clk 0:00:07]} 36. Rd8 {[%clk 0:00:12]} Qb4
{[%clk 0:00:06]} 37. Nc6 {[%clk 0:00:12]} Kh7 {[%clk 0:00:06]} 38. Nxb4
{[%clk 0:00:13]} 1-0

[Event "Team Championship (women blitz)"]
[Site "Sochi"]
[Date "2017.10.05"]
[Round "10.6"]
[White "Charochkina, Daria"]
[Black "Stepanyan, Eva"]
[Result "1-0"]
[LiveChessVersion "1.4.8"]
[BlackElo "1760"]
[WhiteElo "2458"]

1. d4 {[%clk 0:03:03]} Nf6 {[%clk 0:03:04]} 2. Bf4 {[%clk 0:03:04]} e6
{[%clk 0:03:02]} 3. Nf3 {[%clk 0:03:05]} b6 {[%clk 0:03:02]} 4. e3
{[%clk 0:03:05]} Bb7 {[%clk 0:03:03]} 5. h3 {[%clk 0:03:07]} Be7 6. Bd3
{[%clk 0:03:00]} O-O {[%clk 0:03:00]} 7. O-O {[%clk 0:03:01]} d6 {[%clk 0:02:55]}
8. c3 {[%clk 0:03:02]} c5 {[%clk 0:02:56]} 9. Nbd2 {[%clk 0:03:02]} Nbd7
{[%clk 0:02:46]} 10. a4 {[%clk 0:03:04]} Qc7 {[%clk 0:02:42]} 11. Qe2
{[%clk 0:03:04]} e5 {[%clk 0:02:34]} 12. dxe5 {[%clk 0:02:56]} dxe5
{[%clk 0:02:35]} 13. Bh2 {[%clk 0:02:55]} Bd6 {[%clk 0:02:36]} 14. e4
{[%clk 0:02:55]} Rfe8 {[%clk 0:02:13]} 15. a5 {[%clk 0:02:50]} Bc6
{[%clk 0:02:01]} 16. Nc4 {[%clk 0:02:48]} Rab8 {[%clk 0:01:43]} 17. Nxd6
{[%clk 0:02:45]} Qxd6 {[%clk 0:01:43]} 18. Rfd1 {[%clk 0:02:43]} Qc7
{[%clk 0:01:43]} 19. a6 {[%clk 0:02:25]} b5 {[%clk 0:01:41]} 20. b4
{[%clk 0:02:26]} c4 {[%clk 0:01:40]} 21. Bc2 {[%clk 0:02:27]} Rbd8
{[%clk 0:01:31]} 22. Nd4 {[%clk 0:02:25]} Nb8 {[%clk 0:01:24]} 23. Nf5
{[%clk 0:02:17]} Rxd1+ {[%clk 0:01:18]} 24. Qxd1 {[%clk 0:02:13]} Bxe4
{[%clk 0:01:11]} 25. Bxe4 {[%clk 0:02:07]} Nxe4 {[%clk 0:01:11]} 26. Qg4
{[%clk 0:02:08]} g6 {[%clk 0:00:53]} 27. Qxe4 {[%clk 0:02:03]} gxf5
{[%clk 0:00:54]} 28. Qxf5 {[%clk 0:02:04]} Qc6 {[%clk 0:00:42]} 29. Bxe5
{[%clk 0:01:53]} Re6 {[%clk 0:00:41]} 30. Qg5+ {[%clk 0:01:45]} Kf8
{[%clk 0:00:37]} 31. Rd1 {[%clk 0:01:38]} Nd7 {[%clk 0:00:35]} 32. Qd8+
{[%clk 0:01:31]} Re8 {[%clk 0:00:33]} 33. Bg7+ {[%clk 0:01:26]} Kxg7
{[%clk 0:00:32]} 34. Qxe8 {[%clk 0:01:27]} Qxa6 {[%clk 0:00:30]} 35. Rxd7
{[%clk 0:01:22]} Qa1+ {[%clk 0:00:26]} 36. Kh2 {[%clk 0:01:23]} Qxc3
{[%clk 0:00:25]} 37. Rxf7+ {[%clk 0:01:22]} Kh6 {[%clk 0:00:24]} 38. Qe6+
{[%clk 0:01:23]} Kh5 {[%clk 0:00:22]} 39. Qf5+ 1-0

[Event "Team Championship (women blitz)"]
[Site "Sochi"]
[Date "2017.10.05"]
[Round "10.7"]
[White "Chekletsova, Darya"]
[Black "Potapova, Margarita"]
[Result "0-1"]
[LiveChessVersion "1.4.8"]
[BlackElo "2031"]
[WhiteElo "1383"]

1. d4 {[%clk 0:03:03]} Nf6 {[%clk 0:03:04]} 2. c4 e6 3. Nc3 {[%clk 0:03:05]} Bb4
{[%clk 0:03:06]} 4. Qc2 {[%clk 0:03:06]} d5 {[%clk 0:03:07]} 5. a3
{[%clk 0:03:03]} Bxc3+ {[%clk 0:03:08]} 6. Qxc3 {[%clk 0:03:04]} dxc4
{[%clk 0:03:09]} 7. Qxc4 {[%clk 0:03:05]} b6 {[%clk 0:03:06]} 8. Bg5
{[%clk 0:03:02]} O-O {[%clk 0:03:04]} 9. Nf3 {[%clk 0:03:02]} h6 {[%clk 0:03:02]}
10. Bxf6 {[%clk 0:02:54]} Qxf6 {[%clk 0:02:57]} 11. e3 {[%clk 0:02:55]} Ba6
{[%clk 0:02:53]} 12. Qc3 {[%clk 0:02:52]} Bxf1 {[%clk 0:02:52]} 13. Kxf1
{[%clk 0:02:49]} Rc8 {[%clk 0:02:30]} 14. Ke2 {[%clk 0:02:41]} Nd7
{[%clk 0:02:30]} 15. Rhe1 {[%clk 0:02:27]} c5 {[%clk 0:02:22]} 16. Rac1
{[%clk 0:02:22]} Qg6 {[%clk 0:02:17]} 17. Kf1 {[%clk 0:02:20]} Qh5
{[%clk 0:02:11]} 18. dxc5 {[%clk 0:02:03]} Nxc5 {[%clk 0:02:05]} 19. b4
{[%clk 0:01:57]} Ne4 {[%clk 0:01:49]} 20. Qxc8+ {[%clk 0:01:51]} Rxc8
{[%clk 0:01:50]} 21. Rxc8+ {[%clk 0:01:52]} Kh7 {[%clk 0:01:52]} 22. Ra8
{[%clk 0:01:48]} a5 {[%clk 0:01:35]} 23. bxa5 {[%clk 0:01:46]} bxa5
{[%clk 0:01:36]} 24. Ra7 {[%clk 0:01:35]} Nc3 {[%clk 0:01:18]} 25. Rc1
{[%clk 0:01:28]} Qb5+ {[%clk 0:01:18]} 26. Kg1 {[%clk 0:01:20]} Ne2+
{[%clk 0:01:19]} 27. Kh1 {[%clk 0:01:19]} Nxc1 {[%clk 0:01:20]} 28. Rxf7
{[%clk 0:01:15]} Qf1+ {[%clk 0:01:18]} 29. Ng1 {[%clk 0:01:15]} Ne2
{[%clk 0:01:19]} 30. h3 {[%clk 0:01:12]} Qxg1# {[%clk 0:01:19]} 0-1

[Event "Team Championship (women blitz)"]
[Site "Sochi"]
[Date "2017.10.05"]
[Round "10.8"]
[White "Gritsayeva, Oksana"]
[Black "Murzina, Agata"]
[Result "1/2-1/2"]
[LiveChessVersion "1.4.8"]
[BlackElo "1764"]
[WhiteElo "2216"]

1. e4 {[%clk 0:03:03]} e5 {[%clk 0:03:01]} 2. Nf3 {[%clk 0:03:04]} Nc6
{[%clk 0:03:02]} 3. Nc3 {[%clk 0:03:05]} Nf6 {[%clk 0:03:01]} 4. Bb5
{[%clk 0:03:06]} d6 {[%clk 0:03:01]} 5. d4 {[%clk 0:03:06]} exd4 {[%clk 0:03:01]}
6. Qxd4 {[%clk 0:03:07]} Bd7 {[%clk 0:03:01]} 7. Bxc6 {[%clk 0:03:07]} Bxc6
{[%clk 0:03:01]} 8. Bf4 {[%clk 0:03:02]} Be7 {[%clk 0:02:57]} 9. O-O-O
{[%clk 0:02:57]} Qd7 {[%clk 0:02:33]} 10. h3 {[%clk 0:02:43]} b6 {[%clk 0:02:19]}
11. Nd5 {[%clk 0:02:39]} O-O-O {[%clk 0:01:32]} 12. Rhe1 {[%clk 0:02:22]} Bb7
{[%clk 0:01:27]} 13. Qc3 {[%clk 0:02:10]} Nxd5 {[%clk 0:01:20]} 14. exd5
{[%clk 0:02:10]} Bf6 {[%clk 0:01:21]} 15. Qc4 {[%clk 0:02:03]} Rhe8
{[%clk 0:01:12]} 16. Nd4 {[%clk 0:01:50]} Bxd4 {[%clk 0:00:49]} 17. Qxd4
{[%clk 0:01:51]} f6 {[%clk 0:00:50]} 18. c4 {[%clk 0:01:37]} Qa4 {[%clk 0:00:47]}
19. Kb1 {[%clk 0:01:23]} Ba6 {[%clk 0:00:41]} 20. b3 {[%clk 0:01:25]} Qd7
{[%clk 0:00:41]} 21. Qd3 {[%clk 0:01:16]} h6 {[%clk 0:00:38]} 22. Re3
{[%clk 0:01:09]} Rxe3 {[%clk 0:00:27]} 23. Bxe3 {[%clk 0:01:09]} Re8
{[%clk 0:00:26]} 24. Bd2 {[%clk 0:01:06]} Bb7 {[%clk 0:00:24]} 25. Re1
{[%clk 0:00:51]} Rxe1+ {[%clk 0:00:18]} 26. Bxe1 {[%clk 0:00:52]} Qe7
{[%clk 0:00:19]} 27. Bd2 {[%clk 0:00:50]} Kb8 {[%clk 0:00:19]} 28. Qe3
{[%clk 0:00:48]} Qf7 {[%clk 0:00:13]} 29. Kc2 {[%clk 0:00:45]} Qg6+
{[%clk 0:00:13]} 30. Kb2 {[%clk 0:00:35]} Qxg2 {[%clk 0:00:12]} 31. Qg3
{[%clk 0:00:32]} Qxg3 32. fxg3 {[%clk 0:00:34]} Bc8 {[%clk 0:00:10]} 33. h4
{[%clk 0:00:34]} g5 {[%clk 0:00:09]} 34. Kc3 {[%clk 0:00:30]} Bf5
{[%clk 0:00:08]} 35. Kd4 {[%clk 0:00:30]} Kc8 {[%clk 0:00:08]} 36. b4
{[%clk 0:00:29]} Kd7 {[%clk 0:00:08]} 37. a4 {[%clk 0:00:27]} Bc2
{[%clk 0:00:04]} 38. a5 {[%clk 0:00:28]} bxa5 {[%clk 0:00:04]} 39. bxa5
{[%clk 0:00:29]} Bg6 {[%clk 0:00:05]} 40. a6 {[%clk 0:00:25]} Bc2
{[%clk 0:00:04]} 41. Be3 {[%clk 0:00:25]} Bg6 {[%clk 0:00:05]} 42. Kc3
{[%clk 0:00:25]} Bf5 {[%clk 0:00:06]} 43. Bxa7 {[%clk 0:00:26]} Bg6
{[%clk 0:00:05]} 44. Be3 {[%clk 0:00:26]} Kc8 {[%clk 0:00:06]} 45. c5
{[%clk 0:00:25]} dxc5 {[%clk 0:00:05]} 46. Bxc5 {[%clk 0:00:27]} Be4
{[%clk 0:00:06]} 47. Kd4 {[%clk 0:00:27]} Bf5 {[%clk 0:00:07]} 48. Bf8
{[%clk 0:00:27]} gxh4 {[%clk 0:00:07]} 49. gxh4 {[%clk 0:00:28]} h5
{[%clk 0:00:07]} 50. Be7 {[%clk 0:00:29]} Bg4 {[%clk 0:00:07]} 51. Bxf6
{[%clk 0:00:28]} Be2 {[%clk 0:00:08]} 52. a7 {[%clk 0:00:27]} Kb7
{[%clk 0:00:09]} 53. Kc5 {[%clk 0:00:27]} Kxa7 {[%clk 0:00:10]} 54. Kc6
{[%clk 0:00:24]} Kb8 {[%clk 0:00:11]} 55. Be5 {[%clk 0:00:25]} Bf3
{[%clk 0:00:12]} 56. Bxc7+ {[%clk 0:00:25]} Kc8 {[%clk 0:00:13]} 57. Bf4
{[%clk 0:00:25]} Kd8 {[%clk 0:00:13]} 58. Kd6 {[%clk 0:00:26]} Bg4
{[%clk 0:00:13]} 59. Kc6 {[%clk 0:00:25]} Kc8 {[%clk 0:00:14]} 60. d6
{[%clk 0:00:25]} Kd8 {[%clk 0:00:15]} 61. Kd5 {[%clk 0:00:25]} Kd7
{[%clk 0:00:16]} 62. Ke5 {[%clk 0:00:26]} Kd8 {[%clk 0:00:16]} 1/2-1/2

[Event "Team Championship (women blitz)"]
[Site "Sochi"]
[Date "2017.10.05"]
[Round "10.9"]
[White "Pogonina, Natalija"]
[Black "Ambartsumova, Karina"]
[Result "1-0"]
[LiveChessVersion "1.4.8"]
[BlackElo "2347"]
[WhiteElo "2401"]

1. d4 {[%clk 0:03:03]} Nf6 {[%clk 0:03:04]} 2. Nf3 {[%clk 0:03:03]} d6
{[%clk 0:03:05]} 3. Nbd2 {[%clk 0:03:01]} Nbd7 {[%clk 0:03:06]} 4. e4
{[%clk 0:03:01]} e5 {[%clk 0:02:34]} 5. c3 {[%clk 0:02:59]} c6 {[%clk 0:02:31]}
6. Bd3 {[%clk 0:02:57]} Be7 {[%clk 0:02:31]} 7. O-O {[%clk 0:02:56]} O-O
{[%clk 0:02:32]} 8. Re1 {[%clk 0:02:54]} Qc7 {[%clk 0:02:27]} 9. Nf1
{[%clk 0:02:53]} Re8 {[%clk 0:02:22]} 10. Ng3 {[%clk 0:02:52]} Nf8
{[%clk 0:02:21]} 11. h3 {[%clk 0:02:47]} Ng6 {[%clk 0:02:20]} 12. Qc2
{[%clk 0:02:34]} c5 {[%clk 0:02:04]} 13. dxe5 {[%clk 0:02:27]} dxe5
{[%clk 0:02:05]} 14. Bc4 {[%clk 0:02:19]} h6 {[%clk 0:01:55]} 15. Nf5
{[%clk 0:02:11]} Bf8 {[%clk 0:01:57]} 16. Ne3 {[%clk 0:02:10]} Be6
{[%clk 0:01:54]} 17. Bxe6 {[%clk 0:02:03]} Rxe6 {[%clk 0:01:53]} 18. c4
{[%clk 0:01:57]} Ree8 {[%clk 0:01:39]} 19. Nd5 {[%clk 0:01:58]} Nxd5
{[%clk 0:01:36]} 20. cxd5 {[%clk 0:01:57]} Bd6 {[%clk 0:01:31]} 21. Be3
{[%clk 0:01:56]} Rac8 {[%clk 0:01:26]} 22. Rec1 {[%clk 0:01:47]} a6
{[%clk 0:01:09]} 23. a4 {[%clk 0:01:45]} Qd7 {[%clk 0:00:56]} 24. a5
{[%clk 0:01:36]} Rf8 {[%clk 0:00:36]} 25. Nd2 {[%clk 0:01:31]} f5
{[%clk 0:00:36]} 26. exf5 {[%clk 0:01:27]} Ne7 {[%clk 0:00:33]} 27. Nc4
{[%clk 0:01:12]} Rcd8 {[%clk 0:00:28]} 28. Nxd6 {[%clk 0:01:10]} Qxd6
{[%clk 0:00:27]} 29. Bxc5 {[%clk 0:01:09]} Qd7 {[%clk 0:00:28]} 30. Qe4
{[%clk 0:00:57]} Rfe8 {[%clk 0:00:26]} 31. Bxe7 {[%clk 0:00:56]} Rxe7
{[%clk 0:00:24]} 32. Rd1 {[%clk 0:00:52]} Qd6 {[%clk 0:00:25]} 33. Rac1
{[%clk 0:00:49]} Rde8 {[%clk 0:00:18]} 34. b4 {[%clk 0:00:47]} Rd8
{[%clk 0:00:19]} 35. Rc5 {[%clk 0:00:47]} Rde8 {[%clk 0:00:20]} 36. Rdc1
{[%clk 0:00:47]} Rd8 {[%clk 0:00:18]} 37. Rc8 {[%clk 0:00:46]} Ree8
{[%clk 0:00:19]} 38. Rxd8 {[%clk 0:00:45]} Rxd8 39. Rc5 {[%clk 0:00:45]} Kf7
{[%clk 0:00:22]} 40. Qc4 {[%clk 0:00:39]} Rd7 {[%clk 0:00:23]} 41. Qg4
{[%clk 0:00:35]} Qf6 {[%clk 0:00:24]} 42. Qe4 {[%clk 0:00:28]} Re7
{[%clk 0:00:24]} 43. Rc8 {[%clk 0:00:23]} Qd6 {[%clk 0:00:23]} 44. Qc4
{[%clk 0:00:22]} Rd7 {[%clk 0:00:24]} 45. Qc5 {[%clk 0:00:20]} Qxd5
{[%clk 0:00:24]} 46. Qxd5+ {[%clk 0:00:21]} Rxd5 {[%clk 0:00:25]} 47. Rc7+
{[%clk 0:00:22]} Kf6 {[%clk 0:00:26]} 48. Rxb7 {[%clk 0:00:23]} Kxf5
{[%clk 0:00:27]} 49. Rxg7 {[%clk 0:00:21]} Rb5 {[%clk 0:00:28]} 50. Ra7
{[%clk 0:00:22]} Rxb4 {[%clk 0:00:29]} 51. Rxa6 {[%clk 0:00:23]} h5
{[%clk 0:00:30]} 52. g3 {[%clk 0:00:21]} Ra4 {[%clk 0:00:31]} 53. Kg2
{[%clk 0:00:22]} Ra3 {[%clk 0:00:32]} 54. Ra8 {[%clk 0:00:20]} e4
{[%clk 0:00:33]} 55. a6 {[%clk 0:00:20]} Kg6 {[%clk 0:00:32]} 56. a7
{[%clk 0:00:11]} Kg7 {[%clk 0:00:34]} 57. Re8 {[%clk 0:00:11]} Rxa7
{[%clk 0:00:35]} 58. Rxe4 {[%clk 0:00:12]} Kg6 {[%clk 0:00:36]} 59. Re5
{[%clk 0:00:12]} Ra3 {[%clk 0:00:37]} 60. g4 {[%clk 0:00:12]} hxg4
{[%clk 0:00:35]} 61. hxg4 {[%clk 0:00:13]} Kf6 {[%clk 0:00:35]} 62. Rf5+
{[%clk 0:00:14]} Kg6 {[%clk 0:00:36]} 63. f3 {[%clk 0:00:15]} Rb3
{[%clk 0:00:37]} 64. Kg3 {[%clk 0:00:16]} Ra3 {[%clk 0:00:38]} 65. Rb5
{[%clk 0:00:16]} Rc3 {[%clk 0:00:39]} 66. Re5 {[%clk 0:00:13]} Rb3
{[%clk 0:00:40]} 67. Kf4 {[%clk 0:00:14]} Rb4+ {[%clk 0:00:41]} 68. Re4
{[%clk 0:00:15]} Rb6 {[%clk 0:00:42]} 69. g5 {[%clk 0:00:13]} Ra6
{[%clk 0:00:42]} 70. Kg4 {[%clk 0:00:14]} Ra1 {[%clk 0:00:42]} 71. Re6+
{[%clk 0:00:13]} Kf7 {[%clk 0:00:44]} 72. Rf6+ {[%clk 0:00:14]} Kg7
{[%clk 0:00:45]} 73. f4 {[%clk 0:00:15]} Ra4 {[%clk 0:00:46]} 74. Re6
{[%clk 0:00:13]} Rb4 {[%clk 0:00:47]} 75. Kf5 {[%clk 0:00:12]} Rb5+
{[%clk 0:00:48]} 76. Re5 {[%clk 0:00:13]} Rb7 {[%clk 0:00:49]} 77. g6
{[%clk 0:00:12]} Rb6 {[%clk 0:00:50]} 78. Re7+ {[%clk 0:00:13]} Kg8
{[%clk 0:00:51]} 79. Kg5 {[%clk 0:00:12]} Rb1 {[%clk 0:00:48]} 80. f5
{[%clk 0:00:12]} Kf8 {[%clk 0:00:45]} 81. Rc7 {[%clk 0:00:08]} Kg8
{[%clk 0:00:45]} 82. f6 {[%clk 0:00:06]} Rb5+ {[%clk 0:00:45]} 83. Kf4
{[%clk 0:00:07]} Rb4+ {[%clk 0:00:43]} 84. Ke5 {[%clk 0:00:09]} Rb5+
{[%clk 0:00:44]} 85. Kd6 {[%clk 0:00:09]} Rb6+ {[%clk 0:00:39]} 86. Ke7
{[%clk 0:00:10]} Rb8 {[%clk 0:00:38]} 87. Rd7 {[%clk 0:00:11]} 1-0